banner koha

O Metodo da Sticky Point comparado com o metodo da umidade equivalente em solos da Bahia [Granulometria; Textura do solo; Analise do Solo; Brasil] (Registro n. 260990)

MARC details
000 -LÍDER
campo de controle de tamanho fixo 01116nac a22003137a 4500
001 - NÚMERO DE CONTROLE
campo de controle BR5700134
003 - IDENTIFICADOR DO NÚMERO DE CONTROLE
campo de controle BR-BrBNA
005 - DATA E HORÁRIO DA ÚLTIMA TRANSAÇÃO
campo de controle 20240105112929.0
008 - CAMPO DE DADOS FIXOS--INFORMAÇÃO GERAL
campo de controle de tamanho fixo 230509b bl.|||m| |||| 00| 0 por d
040 ## - FONTE DA CATALOGAÇÃO
Instituição da catalogação original BR-BrBNA
Idioma da catalogação por
Instituição que transcreveu o registro Biblioteca Nacional de Agricultura
072 ## - CÓDIGO DE CATEGORIA DE ASSUNTO
Código de Categoria de Assunto F22
090 ## - NÚMERO DE CHAMADA LOCAL
Número de chamada F22 BR5700134
100 1# - ENTRADA PRINCIPAL--NOME PESSOAL
Nome pessoal Tavares, F.D.
110 1# - ENTRADA PRINCIPAL--NOME CORPORATIVO
Nome corporativo ou nome da jurisdição Instituto Agronomico do Leste, Cruz das Almas, BA (Brasil)
9 (RLIN) 5624
111 1# - ENTRADA PRINCIPAL--NOME DO EVENTO
Nome do evento ou lugar 6. Congresso Brasileiro de Ciencia do Solo
Local do evento Salvador, BA (Brazil)
Data do evento ou assinatura do tratado Jul 1957
245 1# - TÍTULO
Título O Metodo da Sticky Point comparado com o metodo da umidade equivalente em solos da Bahia [Granulometria; Textura do solo; Analise do Solo; Brasil]
260 3# - PUBLICAÇÃO, DISTRIBUIÇÃO, ETC.
Local de publicação, distribuição, etc. Cruz das Almas, BA (Brasil):
Data da publicação, distribuição, etc. 1957.
300 ## - DESCRIÇÃO FÍSICA
Extensão p. 37-48
490 ## - TÍTULO DA SÉRIE
Título da série Boletim Tecnico - Instituto Agronomico do Leste (Brazil)
Número do volume ou designação sequencial da série v. 4(1)
ISSN - International Standard Serial Number
500 ## - NOTA GERAL
Nota geral 17 ref.; Summary (Pt); 7 tables
650 ## - ASSUNTO--TERMO TÓPICO
Cabeçalho tópico ou nome geográfico FISICA DO SOLO
650 ## - ASSUNTO--TERMO TÓPICO
Cabeçalho tópico ou nome geográfico UMIDADE
650 ## - ASSUNTO--TERMO TÓPICO
Cabeçalho tópico ou nome geográfico TEXTURA DO SOLO
650 ## - ASSUNTO--TERMO TÓPICO
Cabeçalho tópico ou nome geográfico ANALISE DO SOLO
650 ## - ASSUNTO--TERMO TÓPICO
Cabeçalho tópico ou nome geográfico SOLO
650 ## - ASSUNTO--TERMO TÓPICO
Cabeçalho tópico ou nome geográfico BAHIA
909 ## -
-- 202312
-- Lúcia Elande
-- 55
-- Lúcia Elande
942 ## - ELEMENTOS DE ENTRADA ADICIONADOS (KOHA)
Fonte da classificação ou esquema de arquivamento na estante Classificação AGRIS
Ocultar no OPAC Não
Tipo de material Koha Monografia Seriada
Exemplares
Situação do descarte Fonte da classificação ou esquema de arquivamento na estante Situação física Não pode ser emprestado Coleção Biblioteca de origem Biblioteca atual Localização na estante Total de empréstimos Número de telefone completo Código de barras Data de último acesso Tipo de material Koha Fonte de aquisição
  Classificação AGRIS       Biblioteca Nacional de Agricultura - Binagri Biblioteca Nacional de Agricultura - Binagri Agrobase - Acervo Geral   F22 BR5700134 F22 BR5700134 18/12/2023 Monografia Seriada Portaria Interministerial nº 164/94

BINAGRI

Telefone: (61)3218-2567/2388/3357/2097 - binagri@agro.gov.br

Ministério da Agricultura e Pecuária , Esplanada dos Ministérios, Bloco D, Anexo B, Brasília/DF, CEP: 70.043-900